Statistics for Enter A Valid Country

Click here to take the quiz!

General Stats

  • This quiz has been taken 112 times
  • The average score is 9 of 10

Answer Stats

HintAnswer% Correct
Countries Bordering the USACanada/ Mexico
98%
Scandanavian CountryFinland/ Norway/ Sweden/ Denmark/ Iceland/ Faroe Islands
98%
Countries in ItalySan Marino/ Vatican City
97%
Country Bordering SerbiaHungary/ Romania/ Bulgaria/ North Macedonia/ Kosovo/ Croatia/ Bosnia and Herzegovina/ Montenegro
95%
Existing Communist CountriesChina/ Cuba/ Laos/ Vietnam
93%
Countries in the Country South AfricaLesotho/ Eswatini
93%
Yugoslavia NowMontenegro/ Serbia/ Bosnia and Herzegovina/ Croatia/ Macedonia/
92%
Central- American CountryNicaragua/ Honduras/ Guatemala/ Costa Rica/ Panama/ Belize/ El Salvador
92%
States in America that do not border other StatesHawaii/ Alaska
91%
Places that Denmark OwnFaroe Islands/ Greenland
90%

Score Distribution

Percentile by Number Answered

Percent of People with Each Score

Your Score History

You have not taken this quiz